Countries of the World by GDP Per Capita With Map - Statistics

General Stats
  • This quiz has been taken 5,341 times
    4,931 since last reset
  • The average score is 80 of 195
Answers on the Map
Answers color-coded by a green-red scale on the quiz's map according to % correct below.
 
Answer Stats
Letter GDP (PPP) Per Capita Answer % Correct
M 190.513$ Monaco
98%
L 180.367$ Liechtenstein
95%
L 140.694$ Luxembourg
94%
Q 112.789$ Qatar
90%
S 131.580$ Singapore
87%
I 124.596$ Ireland
84%
U+ 76.027$ United States
84%
U+ 78.255$ United Arab Emirates
83%
S 84.658$ Switzerland
80%
N 77.808$ Norway
79%
D 69.273$ Denmark
76%
A 64.751$ Austria
71%
F 56.036$ France
70%
G 63.271$ Germany
70%
I 64.621$ Iceland
70%
N 68.572$ Netherlands
70%
B 74.953$ Brunei
69%
C 57.812$ Canada
69%
F 58.010$ Finland
69%
U+ 55.301$ United Kingdom
69%
B 61.587$ Belgium
68%
S 62.926$ Sweden
68%
A 61.941$ Australia
66%
S+ 70.139$ San Marino
66%
J 48.814$ Japan
65%
A 63.600$ Andorra
63%
I 50.216$ Italy
63%
S+ 53.051$ South Korea
63%
T 68.730$ Taiwan
63%
N+ 50.411$ New Zealand
62%
H 40.944$ Hungary
60%
I 50.204$ Israel
60%
K 50.919$ Kuwait
60%
S+ 55.368$ Saudi Arabia
60%
E 44.778$ Estonia
59%
P 41.685$ Poland
59%
P 40.805$ Portugal
59%
S 46.413$ Spain
59%
L 46.479$ Lithuania
58%
B 57.424$ Bahrain
57%
C+ 47.527$ Czech Republic
57%
O 35.286$ Oman
57%
M 54.647$ Malta
56%
S 48.534$ Slovenia
56%
L 37.330$ Latvia
54%
R 36.622$ Romania
53%
S 38.620$ Slovakia
53%
R 30.013$ Russia
52%
T 37.488$ Turkey
52%
C 36.201$ Croatia
51%
G 35.596$ Greece
51%
A 25.822$ Argentina
47%
C 48.443$ Cyprus
47%
U 26.663$ Uruguay
47%
D+ 23.983$ Dominican Republic
46%
K 30.502$ Kazakhstan
46%
B 40.274$ Bahamas
45%
B 28.593$ Bulgaria
45%
T+ 29.884$ Trinidad and Tobago
45%
C 28.526$ Chile
44%
A+ 21.890$ Antigua and Barbuda
43%
N+ 19.726$ North Macedonia
42%
P 36.085$ Panama
42%
Y 2.078$ Yemen
42%
C 21.364$ China
41%
G 38.258$ Guyana
41%
M 32.901$ Malaysia
41%
M 22.216$ Mexico
41%
B+ 17.471$ Bosnia and Herzegovina
40%
B 856$ Burundi
40%
C+ 24.490$ Costa Rica
40%
S 23.904$ Serbia
40%
S+ 928$ South Sudan
40%
U 14.325$ Ukraine
40%
Z 2.523$ Zimbabwe
40%
B 21.686$ Belarus
39%
D+ 1.316$ Democratic Republic of the Congo
39%
I 18.332$ Iran
39%
J 11.802$ Jamaica
39%
J 11.861$ Jordan
39%
S+ 27.608$ Saint Kitts and Nevis
39%
V 12.881$ Vietnam
39%
Z 3.776$ Zambia
39%
I 14.535$ Indonesia
38%
M 24.878$ Montenegro
38%
P 15.035$ Peru
38%
S+ 15.505$ Saint Vincent and the Grenadines
38%
B 17.208$ Brazil
37%
E+ 19.036$ Equatorial Guinea
37%
K 13.964$ Kosovo
37%
N+ 1.700$ North Korea
37%
S+ 15.361$ South Africa
37%
A 17.383$ Albania
36%
C+ 1.102$ Central African Republic
36%
I 8.358$ India
36%
S+ 16.509$ Saint Lucia
36%
T 21.057$ Thailand
36%
V 5.949$ Venezuela
36%
E 14.928$ Egypt
35%
V 2.851$ Vanuatu
35%
C 18.225$ Colombia
34%
G 18.594$ Georgia
34%
H 3.189$ Haiti
34%
I 12.141$ Iraq
34%
S 35.272$ Seychelles
34%
A 15.818$ Armenia
33%
F+ 3.650$ Federated States of Micronesia
33%
F 13.598$ Fiji
33%
M 29.233$ Maldives
33%
M 16.719$ Moldova
33%
N 1.435$ Niger
33%
P 14.430$ Paraguay
33%
U 2.961$ Uganda
33%
A 17.153$ Azerbaijan
32%
D 14.491$ Dominica
32%
E+ 10.581$ El Salvador
32%
M 25.043$ Mauritius
32%
P+ 4,299$ Papua New Guinea
32%
R 2.808$ Rwanda
32%
U 9.243$ Uzbekistan
32%
A 13.002$ Algeria
31%
E 12.664$ Ecuador
31%
E 2.101$ Eritrea
31%
G+ 2.646$ Guinea-Bissau
31%
H 6.740$ Honduras
31%
L 18.345$ Libya
31%
S 1.322$ Somalia
31%
B+ 2.663$ Burkina Faso
30%
E+ 3.339$ East Timor
30%
I+ 6.345$ Ivory Coast
30%
K 6.061$ Kenya
30%
K 2.148$ Kiribati
30%
S+ 15.387$ Sri Lanka
30%
T 12.300$ Tunisia
30%
T 18.857$ Turkmenistan
30%
C+ 7.740$ Cape Verde
29%
C 1.705$ Chad
29%
E 3.407$ Ethiopia
29%
G 18.293$ Grenada
29%
P 6.470$ Pakistan
29%
P 10.237$ Philippines
29%
A 2.456$ Afghanistan
28%
B 9.856$ Bolivia
28%
B 19.287$ Botswana
28%
L 9.184$ Laos
28%
L 1.779$ Liberia
28%
A 7.360$ Angola
27%
C 12.300$ Cuba
27%
D 6.667$ Djibouti
27%
M 1.603$ Malawi
27%
M 2.575$ Mali
27%
M+ 4.192$ Marshall Islands
27%
M 13.350$ Mongolia
27%
P 13.652$ Palau
27%
R+ 4.578$ Republic of the Congo
27%
S+ 1.958$ Sierra Leone
27%
S 17.300$ Suriname
27%
B 6.633$ Bangladesh
26%
B 17.408$ Barbados
26%
G 17.848$ Gabon
26%
G 9.911$ Guatemala
26%
G 3.029$ Guinea
26%
K 5.562$ Kyrgyzstan
26%
L 12.035$ Lebanon
26%
M 9.041$ Morocco
26%
M 1.439$ Mozambique
26%
B 12.967$ Bhutan
25%
N 10.448$ Namibia
25%
N 7.071$ Nicaragua
25%
S+ 4.681$ São Tomé and Príncipe
25%
T 3.358$ Tanzania
25%
T 2.599$ Togo
25%
E 10.411$ Eswatini
24%
G 2.646$ Gambia
24%
L 3.034$ Lesotho
24%
N 5.853$ Nigeria
24%
S+ 2.385$ Solomon Islands
24%
B 7.147$ Belize
23%
G 6.754$ Ghana
23%
M 1.778$ Madagascar
23%
M 6.920$ Mauritania
23%
N 10.750$ Nauru
23%
B 4.137$ Benin
22%
C 5.493$ Cambodia
22%
N 4.578$ Nepal
22%
S 4.442$ Sudan
22%
S 6.374$ Syria
22%
C 3.355$ Comoros
21%
M 4.776$ Myanmar
21%
T 4.630$ Tajikistan
21%
C 4.398$ Cameroon
20%
T 6.783$ Tonga
20%
T 5.798$ Tuvalu
19%
S 4.093$ Senegal
18%
S 5.935$ Samoa
17%
No matching quizzes found
Score Distribution
Percent of People with Each Score
Percentile by Number Answered
Your Score History
You have not taken this quiz since the last reset